Ligne 7bis Métro Paris - Statistiques

Statistiques générales
  • Ce quiz a été pris 146 fois
  • Le résultat moyen est 6 sur 8
Statistiques - réponses
Correspondance(s) Station % Correct
M7 Louis Blanc
95%
M2 M5 Jaurès
88%
Buttes Chaumont
86%
M11 -> Place des Fêtes
84%
Botzaris
78%
-> Danube
69%
-> Pré Saint-Gervais
64%
Bolivar
61%
Aucun quiz correspondant
Distribution des résultats
% des personnes avec chaque résultat
Percentile par nombre de réponses
Votre historique - résultats
Vous n’avez pas pris ce quiz